| 000 | 00394nam a22001337a 4500 | ||
|---|---|---|---|
| 020 | _qHB. | ||
| 040 | _cFIZZA ISHAQ | ||
| 082 |
_a031 _bGRO |
||
| 100 |
_a Jeffrey H. Hacker, Bernard S. Cayne. _9134328 |
||
| 245 |
_aEncyclopedia Yearbook, 1988 / _cBernard S. Cayne Jeffrey H. Hacker. |
||
| 260 |
_aNew York: _bGrolier Yearbook , _c1988. |
||
| 300 |
_a608 p. : ill. ; _c26 cm |
||
| 942 |
_2ddc _cENC |
||
| 999 |
_c617310 _d617310 |
||